000 01133nji a22002657a 4500
005 20100831102949.0
006 a|||||r|||||00| 0
007 sd ammalaaahaa
008 100830t xxu||||| |||| 00| 0 eng d
028 _aN 5737
_bHis Master's Voice
035 _aGR-00257
040 _aSED
_cSED
100 _917455
_aAmrit, Vasant
245 _aDo ful saat ful kismat ghazal dadara /
_cby Vasant Amrit
_h[sound recording] :
246 _aदो फुल सात फुल किस्मत ग़ज़ल दादरा /वसंत अमृत द्वारा
260 _aDum Dum, India
_bHis Master's Voice
_cn.d.
300 _a1 sound disc [Gramophone Recording]:
_banalog, 33 1/3 rpm
_c9.5 in. (MP)
_fGramophone Record
500 _aBrief Record
505 _aside 2 सब चला चालोक खेला भेरावी ( sab chala chalok khela bheravi) (Vasant Amrit)
650 _aClassical music
_zIndia
_91186
_xExcerpts
700 _917416
700 _917456
942 _2ddc
_cGR
999 _c43298
_d43298